| 000 -LEADER |
| fixed length control field |
01365cam a2200253 a 4500 |
| 001 - CONTROL NUMBER |
| control field |
16075716 |
| 005 - DATE AND TIME OF LATEST TRANSACTION |
| control field |
20210607145311.0 |
| 008 - FIXED-LENGTH DATA ELEMENTS--GENERAL INFORMATION |
| fixed length control field |
100129s2010 mdua b 001 0 eng |
| 020 ## - INTERNATIONAL STANDARD BOOK NUMBER |
| International Standard Book Number |
9781598570779 |
| 041 ## - LANGUAGE CODE |
| Language code of text/sound track or separate title |
eng |
| 080 ## - UNIVERSAL DECIMAL CLASSIFICATION NUMBER |
| Universal Decimal Classification number |
376.2+364 L-44 |
| 100 1# - MAIN ENTRY--PERSONAL NAME |
| Personal name |
Leach, Debra. |
| 9 (RLIN) |
11969 |
| 245 10 - TITLE STATEMENT |
| Title |
Bringing ABA into your inclusive classroom : |
| Remainder of title |
a guide to improving outcomes for students with autism spectrum disorders / |
| Statement of responsibility, etc. |
by Debra Leach. |
| 264 ## - PRODUCTION, PUBLICATION, DISTRIBUTION, MANUFACTURE, AND COPYRIGHT NOTICE |
| Place of production, publication, distribution, manufacture |
Baltimore : |
| Name of producer, publisher, distributor, manufacturer |
Paul H. Brookes Pub. Co., |
| Date of production, publication, distribution, manufacture, or copyright notice |
2010. |
| 300 ## - PHYSICAL DESCRIPTION |
| Extent |
168 p. : |
| Other physical details |
ill. ; |
| Dimensions |
26 cm. |
| 653 ## - INDEX TERM--UNCONTROLLED |
| keyword |
აუტიზმის სპექტრის დარღვევების მქონე ახალგაზრდები |
| 653 ## - INDEX TERM--UNCONTROLLED |
| keyword |
Молодежь с расстройствами аутистического спектра |
| 653 ## - INDEX TERM--UNCONTROLLED |
| keyword |
С ограниченными возможностями развития |
| 653 ## - INDEX TERM--UNCONTROLLED |
| keyword |
განვითარების უნარშეზღუდული მქონე პირები |
| 856 42 - ELECTRONIC LOCATION AND ACCESS |
| Materials specified |
Publisher description |
| Uniform Resource Identifier |
http://www.loc.gov/catdir/enhancements/fy1402/2010004177-d.html |
| 856 42 - ELECTRONIC LOCATION AND ACCESS |
| Materials specified |
Contributor biographical information |
| Uniform Resource Identifier |
http://www.loc.gov/catdir/enhancements/fy1407/2010004177-b.html |
| 856 41 - ELECTRONIC LOCATION AND ACCESS |
| Materials specified |
Table of contents only |
| Uniform Resource Identifier |
http://www.loc.gov/catdir/enhancements/fy1407/2010004177-t.html |
| 942 ## - ADDED ENTRY ELEMENTS (KOHA) |
| Source of classification or shelving scheme |
|
| Koha item type |
წიგნი |